LIBRARY ONLINE CATALOGUE

Human physiology : (Record no. 12223)

MARC details
000 -LEADER
fixed length control field 00708nam a22002172 4500
001 - CONTROL NUMBER
control field 0000024356
005 - DATE AND TIME OF LATEST TRANSACTION
control field 20151217155235.0
008 - FIXED-LENGTH DATA ELEMENTS--GENERAL INFORMATION
fixed length control field 130909s xx 000 0 eng d
020 ## - INTERNATIONAL STANDARD BOOK NUMBER
International Standard Book Number 0070669929 :
040 ## - CATALOGING SOURCE
Original cataloging agency KABU
Transcribing agency KABU
100 1# - MAIN ENTRY--PERSONAL NAME
Personal name Vander, Arthur J.
-- 0000184371
245 10 - TITLE STATEMENT
Title Human physiology :
Remainder of title the mechanisms of body function /
Statement of responsibility, etc. Arthur J. Vander, James H. Sherman, Dorothy S. Luciano.
250 ## - EDITION STATEMENT
Edition statement 6th ed.
260 ## - PUBLICATION, DISTRIBUTION, ETC. (IMPRINT)
Place of publication, distribution, etc. New York :
Name of publisher, distributor, etc. McGraw-Hill,
Date of publication, distribution, etc. 1994.
300 ## - PHYSICAL DESCRIPTION
Extent 1 v. (various paging) ;
650 #0 - SUBJECT ADDED ENTRY--TOPICAL TERM
Topical term or geographic name as entry element Human physiology.
-- 0000155597
700 1# - ADDED ENTRY--PERSONAL NAME
Personal name Sherman, James H.
-- 0000184372
852 1# - LOCATION
-- p11554 KES
908 ## - PUT COMMAND PARAMETER (RLIN)
Put command parameter 130909
950 ## - LOCAL HOLDINGS (RLIN)
-- 1
Holdings
Withdrawn status Lost status Source of classification or shelving scheme Not for loan Home library Current library Date acquired Total Checkouts Total Renewals Full call number Barcode Date last seen Date last checked out Price effective from Koha item type
    Library of Congress Classification   Kabarak, Main Campus Kabarak, Main Campus 17/12/2015 55 6 QP34.5 .V36 1994 c. 1 016125 12/02/2026 04/02/2026 17/12/2015 General Collection